Rekonštrukcia mestskej vily na sídlo firmy v Nitre
Gespeichert in:
| 1. Verfasser: | |
|---|---|
| Weitere Verfasser: | |
| Format: | Manuskript Buch |
| Sprache: | Slowakisch |
| Veröffentlicht: |
2022
|
| Schlagworte: | |
| Online-Zugang: | http://is.stuba.sk/zp/portal_zp.pl?podrobnosti=149194 https://opac.crzp.sk/?fn=detailBiblioForm&sid=EC9507141B5FF6F04504CCC822A1 |
| Tags: |
Keine Tags, Fügen Sie das erste Tag hinzu!
|
MARC
| LEADER | 00000ntm a22000003a 4500 | ||
|---|---|---|---|
| 001 | stuzp88715 | ||
| 003 | SK-STU | ||
| 005 | 20230502123657.9 | ||
| 007 | ta | ||
| 008 | 150427s2015----xo-----f-mn---000-0-slo-d | ||
| 040 | |a STU |b slo | ||
| 041 | 0 | |a slo | |
| 100 | 1 | |a Ďurčovič, Martin |u 010310 |4 aut |U SvF Stavebná fakulta |T SvF Katedra architektúry |X 97646 |U V181|V310 |Y 19 |7 97646 | |
| 242 | 0 | 1 | |a Reconstruction of a town villa into the company's headquarters in Nitra |y eng |
| 245 | 1 | 0 | |a Rekonštrukcia mestskej vily na sídlo firmy v Nitre |
| 260 | |c 2022 | ||
| 650 | 4 | |a rekonštrukcia |2 slo | |
| 650 | 4 | |a medzivojnová architektúra |2 slo | |
| 650 | 4 | |a sídlo firmy |2 slo | |
| 650 | 4 | |a adaptácia |2 slo | |
| 650 | 4 | |a prístavba |2 slo | |
| 650 | 4 | |a reconstruction |2 eng | |
| 650 | 4 | |a restored houses |2 eng | |
| 650 | 4 | |a house addition |2 eng | |
| 700 | 1 | |a Pilař, Pavol |u 010310 |k Z1 |4 ths |U SvF Stavebná fakulta |T SvF Katedra architektúry |X 59136 |U V181|V310 |Y 19 |7 A000059136 | |
| 856 | 4 | |u http://is.stuba.sk/zp/portal_zp.pl?podrobnosti=149194 | |
| 856 | 4 | |u https://opac.crzp.sk/?fn=detailBiblioForm&sid=EC9507141B5FF6F04504CCC822A1 | |